Statistiques concernant Vainqueurs de la Ligue 1

Cliquez ici pour prendre le quiz!

Statistiques générales

  • Ce quiz a été pris 276 fois
  • Le résultat moyen est 71 sur 84

Statistiques - réponses

SaisonVainqueur% Correct
2022-2023Paris Saint-Germain
100%
1947-1948Olympique de Marseille
99%
1971-1972Olympique de Marseille
99%
1970-1971Olympique de Marseille
99%
1988-1989Olympique de Marseille
99%
1989-1990Olympique de Marseille
99%
1990-1991Olympique de Marseille
99%
1991-1992Olympique de Marseille
99%
2009-2010Olympique de Marseille
99%
1936-1937Olympique de Marseille
99%
2020-2021Lille
95%
1953-1954Lille
95%
1945-1946Lille
95%
1986-1987Bordeaux
93%
1981-1982Monaco
93%
1999-2000Monaco
93%
1987-1988Monaco
93%
1996-1997Monaco
93%
2016-2017Monaco
93%
1960-1961Monaco
93%
1962-1963Monaco
93%
1977-1978Monaco
93%
2017-2018Paris Saint-Germain
92%
2019-2020Paris Saint-Germain
92%
1985-1986Paris Saint-Germain
92%
2021-2022Paris Saint-Germain
92%
2015-2016Paris Saint-Germain
92%
2014-2015Paris Saint-Germain
92%
2013-2014Paris Saint-Germain
92%
2018-2019Paris Saint-Germain
92%
2012-2013Paris Saint-Germain
92%
1993-1994Paris Saint-Germain
92%
1949-1950Girondins de Bordeaux
91%
1998-1999Girondins de Bordeaux
91%
1984-1985Girondins de Bordeaux
91%
1983-1984Girondins de Bordeaux
91%
2008-2009Girondins de Bordeaux
91%
2010-2011Lille
90%
2011-2012Montpellier
89%
1980-1981Saint-Étienne
89%
1963-1964Saint-Étienne
89%
1973-1974Saint-Étienne
89%
1966-1967Saint-Étienne
89%
1968-1969Saint-Étienne
89%
1969-1970Saint-Étienne
89%
1967-1968Saint-Étienne
89%
1974-1975Saint-Étienne
89%
1975-1976Saint-Étienne
89%
1956-1957Saint-Étienne
89%
1972-1973Nantes
87%
1982-1983Nantes
87%
1976-1977Nantes
87%
1979-1980Nantes
87%
1965-1966Nantes
87%
1964-1965Nantes
87%
1994-1995Nantes
87%
2000-2001Nantes
87%
2007-2008Olympique lyonnais
87%
2006-2007Olympique lyonnais
87%
2005-2006Olympique lyonnais
87%
2004-2005Olympique lyonnais
87%
2002-2003Olympique lyonnais
87%
2001-2002Olympique lyonnais
87%
2003-2004Olympique lyonnais
85%
1997-1998Lens
80%
1951-1952Nice
79%
1950-1951Nice
79%
1958-1959Nice
79%
1955-1956Nice
79%
1957-1958Stade de Reims
70%
1959-1960Stade de Reims
69%
1961-1962Stade de Reims
69%
1948-1949Stade de Reims
69%
1954-1955Stade de Reims
69%
1952-1953Stade de Reims
69%
1978-1979Strasbourg
68%
1995-1996Auxerre
66%
1937-1938Sochaux-Montbéliard
54%
1934-1935Sochaux-Montbéliard
54%
1933-1934Sète
37%
1938-1939Sète
37%
1935-1936RC Paris
24%
1946-1947Roubaix-Tourcoing
23%
1932-1933Olympique lillois
19%

Distribution des résultats

Percentile par nombre de réponses

% des personnes avec chaque résultat

Votre développement - résultats

Vous n’avez pas pris ce quiz